| Tag |
First Indicator |
Second Indicator |
Subfields |
| LEADER |
00000cam a2200000 a 4500 |
| 001 |
in00000016802 |
| 005 |
20151007053310.0 |
| 008 |
860707s1987 enka b 00110 eng |
| 010 |
|
|
|a 86017639
|
| 020 |
|
|
|a 063114093X :
|c $50.00
|
| 020 |
|
|
|a 0631140948 (pbk.) :
|c $24.95
|
| 035 |
|
|
|a (OCoLC)13945937
|
| 035 |
|
|
|9 AAB1133AM
|
| 040 |
|
|
|a DLC
|c DLC
|d TXA
|d UtOrBLW
|
| 049 |
|
|
|a TXAM
|c [A11468959]
|
| 050 |
0 |
0 |
|a HD5707.5
|b .S56 1987
|
| 082 |
0 |
|
|a 331.13/7
|2 19
|
| 100 |
1 |
|
|a Sinclair, P. J. N.
|
| 245 |
1 |
0 |
|a Unemployment :
|b economic theory and evidence /
|c Peter Sinclair.
|
| 264 |
|
1 |
|a Oxford [Oxfordshire], UK ;
|a New York, NY, USA :
|b B. Blackwell,
|c 1987.
|
| 300 |
|
|
|a viii, 312 pages :
|b illustrations ;
|c 26 cm.
|
| 336 |
|
|
|a text
|b txt
|2 rdacontent
|
| 337 |
|
|
|a unmediated
|b n
|2 rdamedia
|
| 338 |
|
|
|a volume
|b nc
|2 rdacarrier
|
| 504 |
|
|
|a Bibliography: pages [297]-305.
|
| 500 |
|
|
|a Includes index.
|
| 650 |
|
0 |
|a Unemployment.
|
| 650 |
|
0 |
|a Unemployment
|x Econometric models.
|
| 999 |
|
|
|a MARS
|
| 999 |
f |
f |
|s 8ca49ba9-b361-39dc-ab92-a81f178e7ad4
|i b4ff00a4-962c-307b-baca-3df575a23a5a
|t 0
|
| 952 |
f |
f |
|p ric
|a Texas A&M University
|b Rellis Campus
|c Joint Library Facility
|d Remote Storage
|t 0
|e HD5707.5 .S56 1987
|h Library of Congress classification
|i unmediated -- volume
|m A14811468959
|
| 998 |
f |
f |
|a HD5707.5 .S56 1987
|t 0
|l Remote Storage
|